Normal view
MARC view
Entry Topical Term
001 - CONTROL NUMBER
- control field: 13134
003 - CONTROL NUMBER IDENTIFIER
- control field: BD-RjUL
005 - DATE AND TIME OF LATEST TRANSACTION
- control field: 20240523110827.0
008 - FIXED-LENGTH DATA ELEMENTS
- fixed length control field: 240523|| aca||aabn | a|a d
040 ## - CATALOGING SOURCE
- Original cataloging agency: BD-RjUL
- Transcribing agency: BD-RjUL
150 ## - HEADING--TOPICAL TERM
- Topical term or geographic name entry element: Arthropoda
- Form subdivision: Insecticides
670 ## - SOURCE DATA FOUND
- Source citation: Work cat.: (BD-RjUL)83802: Pervin, Afsana 13133, Interaction of Insecticides with Different Parts of Karavi (Thevetia Neriifolia Juss.) Extracts in Resistant and Susceptible Tribolium Castaneum (Herbst) /, 2003